000 00828nam a2200253Ia 4500
003 OSt
005 20221005112104.0
006 a|||||r|||| 00| 0
007 ta
008 221004b |||||||| |||| 00| 0 hin d
024 _a108969
037 _cTextual
040 _aCRL
_cCRL
_bhin
041 _2hin
_ahin
082 _aO152,3N562x, M6
100 _aअस्थाना, धीरेन्द्र
245 0 _aखुल जा सिमसिम
246 _aKhul jā simasima
260 _aहापुड़
_bतिरूपति प्रकाशन भारत
_c1986
300 _a168पृ0
_ccm.
650 _aहिन्दी साहित्य
942 _hO152,3N562x, M6
_cTEXL
_2cc
999 _c1023789
_d1023789